书目信息 |
| 题名: |
生产·生活·生态
|
|
| 作者: | 赵继龙 , 周忠凯 著 | |
| 分册: | ||
| 出版信息: | 南京 江苏凤凰科学技术出版社 2021.2 |
|
| 页数: | 240页 | |
| 开本: | 24cm | |
| 丛书名: | ||
| 单 册: | ||
| 中图分类: | TU982.295.2 | |
| 科图分类: | ||
| 主题词: | 乡村规划--研究--山东省 | |
| 电子资源: | ||
| ISBN: | 978-7-5713-1589-4 | |
| 000 | 01236nam0 2200289 45 | |
| 001 | 483886 | |
| 005 | 20140818112847.0 | |
| 010 | @a978-7-5713-1589-4@dCNY128.00 | |
| 100 | @a20210416d2021 em y0chiy0110 ea | |
| 101 | 0 | @achi |
| 102 | @aCN@b320000 | |
| 105 | @aab z 000yy | |
| 106 | @ar | |
| 200 | 1 | @a生产·生活·生态@Asheng chan·sheng huo·sheng tai@e美丽乡村绿色人居单元设计营造@f赵继龙, 周忠凯著 |
| 210 | @a南京@c江苏凤凰科学技术出版社@d2021.2 | |
| 215 | @a240页@c图,照片,地图@d24cm | |
| 300 | @a教育部人文社会科学研究青年基金项目 国家自然科学基金资助项目 | |
| 312 | @a封面英文题名:Production living and ecology: design and construction of green beautiful village | |
| 330 | @a本书立足农业这一根本,把农业生产与农民生活、农村生态环境等乡村人居环境建设问题有机地关联起来进行整合研究,构建生产、生活、生态“三生一体”的美丽乡村规划设计与营建模式。 | |
| 510 | 1 | @aProduction living and ecology@edesign and construction of green beautiful village@zeng |
| 517 | 1 | @a美丽乡村绿色人居单元设计营造 |
| 606 | 0 | @a乡村规划@x研究@y山东省 |
| 690 | @aTU982.295.2@v5 | |
| 701 | 0 | @a赵继龙@Azhao ji long@4著 |
| 701 | 0 | @a周忠凯@Azhou zhong kai@4著 |
| 801 | @aCN@b江苏凤凰@c20211018 | |
| 905 | @b1356187-9@dTU982.295.2@e1909@f3 | |
| 生产·生活·生态:美丽乡村绿色人居单元设计营造/赵继龙, 周忠凯著.-南京:江苏凤凰科学技术出版社,2021.2 |
| 240页:图,照片,地图;24cm |
| 教育部人文社会科学研究青年基金项目 国家自然科学基金资助项目 |
| ISBN 978-7-5713-1589-4:CNY128.00 |
| 本书立足农业这一根本,把农业生产与农民生活、农村生态环境等乡村人居环境建设问题有机地关联起来进行整合研究,构建生产、生活、生态“三生一体”的美丽乡村规划设计与营建模式。 |
| ● |
| 相关链接 |
|
|
|
|
正题名:生产·生活·生态
索取号:TU982.295.2/1909
 
预约/预借
| 序号 | 登录号 | 条形码 | 馆藏地/架位号 | 状态 | 备注 |
| 1 | 1333813 | 213338137 | 第二样本阅览室/ [索取号:TU982.295.2/1909] | 在馆 | |
| 2 | 1333814 | 213338146 | 第三借阅区/ [索取号:TU982.295.2/1909] | 在馆 | |
| 3 | 1333815 | 213338155 | 第三借阅区/ [索取号:TU982.295.2/1909] | 在馆 | |
| 4 | 1333816 | 213338164 | 第三借阅区/ [索取号:TU982.295.2/1909] | 在馆 | |
| 5 | 1356187 | 213561876 | 第三借阅区/ [索取号:TU982.295.2/1909] | 在馆 | |
| 6 | 1356188 | 213561885 | 第三借阅区/ [索取号:TU982.295.2/1909] | 在馆 | |
| 7 | 1356189 | 213561894 | 第三借阅区/ [索取号:TU982.295.2/1909] | 在馆 |